000 00518nam a2200193Ia 4500
001 13051
003 GE_BSU
008 181216s||||||||xx |||||||||||||| ||und||
040 _cGE_BSU
080 _a631.1(075.32)
245 _aОсновы земледелия
245 _cРед.Н.С.Соколова. Ред.Е.И.Гутман
260 _aМосква
260 _bСельхозгиз
260 _c1955
300 _a480стр.илл.20см.
653 _aОсновы земледелия
942 _cBK
999 _c46218
_d46218